| 000 | 00749nam a22002417a 4500 | ||
|---|---|---|---|
| 005 | 20230109095925.0 | ||
| 008 | 010101b xxu||||| |||| 00| 0 eng d | ||
| 020 |
_a9780140422276 _c799 |
||
| 040 | _aLoreto College | ||
| 041 | _aEnglish | ||
| 082 |
_a821.2 _bWYA |
||
| 100 |
_aWyatt, Thomas _d1503-1542 |
||
| 245 |
_aThe complete poems _cSir Thomas Wyatt. Edited by R.A. Rebholz |
||
| 260 |
_aLondon _bPenguin Group _c1978 |
||
| 300 |
_a558p _b23 cm |
||
| 440 | _aPenguin Classics | ||
| 500 | _aReprinted with revised Further Reading 1997 | ||
| 504 | _aIncludes bibliographical references and index | ||
| 650 |
_aPoetry in English _vLiterature in English _yPre-Elizabethan |
||
| 700 |
_4ed. _aRebholz, R.A. |
||
| 850 | _aLCLIB | ||
| 942 | _cBK | ||
| 999 |
_c40000 _d90479 |
||